[Event "ODJM C 2025"]
[Site "Willingen GER"]
[Date "2025.06.09"]
[Round "3"]
[White "Schmidt, Eric"]
[Black "Bathmann, Sanaa Maria"]
[Result "1-0"]
[Termination "normal"]
[Board "13"]
[WhiteElo "1636"]
[BlackElo "1105"]
[WhiteClock "01:11:58"]
[BlackClock "01:18:24"]
[PlyCount "47"]
[WhiteFideId "34695419"]
[BlackFideId "34697322"]
[EventCountry "GER"]
[EventRounds "9"]
[EventType "swiss"]
[EventDate "2025.06.07"]

1. d4 {[%clk 01:30:58]} d5 {[%clk 01:30:53]} {[%emt 00:00:11]} 2. Nf3 {[%clk
01:31:23]} {[%emt 00:00:02]} Nf6 {[%clk 01:30:42]} {[%emt 00:00:38]} 3. c4
{[%clk 01:31:49]} {[%emt 00:00:05]} Nc6 {[%clk 01:30:21]} {[%emt 00:00:51]} 4.
cxd5 {[%clk 01:32:01]} {[%emt 00:00:18]} Nxd5 {[%clk 01:30:39]} {[%emt
00:00:11]} 5. e4 {[%clk 01:32:16]} {[%emt 00:00:16]} Nf6 {[%clk 01:30:26]}
{[%emt 00:00:43]} 6. d5 {[%clk 01:31:38]} {[%emt 00:01:09]} Na5 {[%clk
01:28:24]} {[%emt 00:02:31]} 7. b4 {[%clk 01:28:06]} {[%emt 00:04:02]} c6
{[%clk 01:27:22]} {[%emt 00:01:32]} 8. bxa5 {[%clk 01:25:19]} {[%emt 00:03:17]}
Nxe4 {[%clk 01:27:32]} {[%emt 00:00:19]} 9. Bd3 {[%clk 01:22:22]} {[%emt
00:03:28]} Qxa5+ {[%clk 01:27:22]} {[%emt 00:00:41]} 10. Bd2 {[%clk 01:22:16]}
{[%emt 00:00:35]} Nxd2 {[%clk 01:27:32]} {[%emt 00:00:20]} 11. Qxd2 {[%clk
01:21:48]} {[%emt 00:00:58]} Qxd5 {[%clk 01:27:47]} {[%emt 00:00:15]} 12. O-O
{[%clk 01:21:53]} {[%emt 00:00:25]} Bg4 {[%clk 01:27:28]} {[%emt 00:00:49]} 13.
Nc3 {[%clk 01:21:14]} {[%emt 00:01:09]} Qd7 {[%clk 01:27:16]} {[%emt 00:00:36]}
14. Ne5 {[%clk 01:19:45]} {[%emt 00:02:05]} Qd4 {[%clk 01:25:31]} {[%emt
00:02:14]} 15. Nxf7 {[%clk 01:16:38]} {[%emt 00:03:38]} g6 {[%clk 01:23:06]}
{[%emt 00:02:54]} 16. Nxh8 {[%clk 01:16:06]} {[%emt 00:01:03]} Bg7 {[%clk
01:23:06]} {[%emt 00:00:31]} 17. Ne2 {[%clk 01:14:04]} {[%emt 00:02:32]} Bxe2
{[%clk 01:22:33]} {[%emt 00:01:03]} 18. Qxe2 {[%clk 01:14:20]} {[%emt
00:00:14]} Bxh8 {[%clk 01:20:47]} {[%emt 00:02:15]} 19. Rfd1 {[%clk 01:13:14]}
{[%emt 00:01:37]} Qf6 {[%clk 01:20:36]} {[%emt 00:00:39]} 20. Rab1 {[%clk
01:12:53]} {[%emt 00:00:52]} O-O-O {[%clk 01:19:54]} {[%emt 00:01:12]} 21. Qg4+
{[%clk 01:12:31]} {[%emt 00:00:52]} e6 {[%clk 01:19:01]} {[%emt 00:01:24]} 22.
Bc4 {[%clk 01:11:58]} {[%emt 00:01:02]} Re8 {[%clk 01:18:57]} {[%emt 00:00:34]}
23. Rd6 {[%clk 01:11:51]} {[%emt 00:00:37]} Kc7 {[%clk 01:18:24]} {[%emt
00:01:01]} 24. Rxe6 {[%clk 01:11:58]} {[%emt 00:00:23]} 1-0

[Event "ODJM C 2025"]
[Site "Willingen GER"]
[Date "2025.06.09"]
[Round "3"]
[White "Surmann, Lukas"]
[Black "Anzinger, Simon"]
[Result "0-1"]
[Termination "normal"]
[Board "14"]
[WhiteElo "1084"]
[BlackElo "1541"]
[WhiteClock "00:43:09"]
[BlackClock "01:07:42"]
[PlyCount "94"]
[WhiteFideId "34649360"]
[BlackFideId "34698825"]
[EventCountry "GER"]
[EventRounds "9"]
[EventType "swiss"]
[EventDate "2025.06.07"]

1. d4 {[%clk 01:30:58]} {[%emt 00:00:02]} Nf6 {[%clk 01:30:39]} {[%emt
00:00:18]} 2. c4 {[%clk 01:31:11]} {[%emt 00:00:18]} g6 {[%clk 01:30:26]}
{[%emt 00:00:40]} 3. Nf3 {[%clk 01:31:15]} {[%emt 00:00:28]} Bg7 {[%clk
01:30:38]} {[%emt 00:00:14]} 4. g3 {[%clk 01:31:35]} {[%emt 00:00:13]} O-O
{[%clk 01:29:46]} {[%emt 00:01:22]} 5. Qc2 {[%clk 01:31:05]} {[%emt 00:01:01]}
d6 {[%clk 01:29:29]} {[%emt 00:00:46]} 6. Nc3 {[%clk 01:29:59]} {[%emt
00:01:37]} Nbd7 {[%clk 01:28:50]} {[%emt 00:01:06]} 7. Bg2 {[%clk 01:29:42]}
{[%emt 00:00:49]} e5 {[%clk 01:28:17]} {[%emt 00:01:02]} 8. d5 {[%clk
01:27:50]} {[%emt 00:02:24]} a5 {[%clk 01:26:45]} {[%emt 00:02:01]} 9. a4
{[%clk 01:25:16]} {[%emt 00:03:05]} h6 {[%clk 01:22:37]} {[%emt 00:04:36]} 10.
e4 {[%clk 01:22:33]} {[%emt 00:03:14]} Nc5 {[%clk 01:21:27]} {[%emt 00:01:39]}
11. Be3 {[%clk 01:22:09]} {[%emt 00:00:54]} b6 {[%clk 01:21:36]} {[%emt
00:00:21]} 12. Rb1 {[%clk 01:19:14]} {[%emt 00:03:26]} Nh7 {[%clk 01:18:16]}
{[%emt 00:03:48]} 13. Nd2 {[%clk 01:19:01]} {[%emt 00:00:43]} f5 {[%clk
01:17:46]} {[%emt 00:01:01]} 14. f3 {[%clk 01:19:07]} {[%emt 00:00:23]} g5
{[%clk 01:16:50]} {[%emt 00:01:28]} 15. b4 {[%clk 01:15:55]} {[%emt 00:03:43]}
axb4 {[%clk 01:16:07]} {[%emt 00:01:13]} 16. Rxb4 {[%clk 01:15:48]} {[%emt
00:00:36]} Bd7 {[%clk 01:12:57]} {[%emt 00:03:38]} 17. Bxc5 {[%clk 01:15:28]}
{[%emt 00:00:52]} bxc5 {[%clk 01:13:03]} {[%emt 00:00:23]} 18. Rb2 {[%clk
01:15:12]} {[%emt 00:00:46]} h5 {[%clk 01:10:57]} {[%emt 00:02:37]} 19. O-O
{[%clk 01:11:42]} {[%emt 00:03:58]} f4 {[%clk 01:10:38]} {[%emt 00:00:50]} 20.
gxf4 {[%clk 01:10:57]} {[%emt 00:01:15]} exf4 {[%clk 01:10:54]} {[%emt
00:00:14]} 21. Ra2 {[%clk 01:09:54]} {[%emt 00:01:33]} g4 {[%clk 01:09:33]}
{[%emt 00:01:51]} 22. Re1 {[%clk 01:04:22]} {[%emt 00:06:03]} Qh4 {[%clk
01:09:22]} {[%emt 00:00:40]} 23. Re2 {[%clk 01:02:57]} {[%emt 00:01:56]} Bd4+
{[%clk 01:09:39]} {[%emt 00:00:13]} 24. Kh1 {[%clk 01:02:17]} {[%emt 00:01:10]}
g3 {[%clk 01:10:00]} {[%emt 00:00:09]} 25. Bf1 {[%clk 01:02:03]} {[%emt
00:00:45]} Bf2 {[%clk 01:09:30]} {[%emt 00:00:58]} 26. Rxf2 {[%clk 00:58:23]}
{[%emt 00:04:11]} gxf2 {[%clk 01:09:50]} {[%emt 00:00:10]} 27. Nb3 {[%clk
00:58:07]} {[%emt 00:00:46]} Rab8 {[%clk 01:09:11]} {[%emt 00:01:09]} 28. a5
{[%clk 00:57:21]} {[%emt 00:01:16]} Rf7 {[%clk 01:09:17]} {[%emt 00:00:24]} 29.
a6 {[%clk 00:57:27]} {[%emt 00:00:26]} Rg7 {[%clk 01:09:05]} {[%emt 00:00:40]}
30. Qxf2 {[%clk 00:54:22]} {[%emt 00:03:36]} Qxf2 {[%clk 01:09:23]} {[%emt
00:00:11]} 31. Rxf2 {[%clk 00:54:42]} {[%emt 00:00:10]} Rxb3 {[%clk 01:09:02]}
{[%emt 00:00:51]} 32. a7 {[%clk 00:54:41]} {[%emt 00:00:31]} Ra3 {[%clk
01:09:21]} {[%emt 00:00:11]} 33. Ra2 {[%clk 00:54:55]} {[%emt 00:00:17]} Rxa7
{[%clk 01:08:17]} {[%emt 00:01:33]} 34. Rxa7 {[%clk 00:55:11]} {[%emt
00:00:14]} Ng5 {[%clk 01:08:20]} {[%emt 00:00:26]} 35. Bg2 {[%clk 00:55:03]}
{[%emt 00:00:40]} Bh3 {[%clk 01:08:36]} {[%emt 00:00:13]} 36. Ra2 {[%clk
00:48:19]} {[%emt 00:07:14]} Bxg2+ {[%clk 01:07:06]} {[%emt 00:02:00]} 37. Rxg2
{[%clk 00:47:49]} {[%emt 00:00:59]} Nxf3 {[%clk 01:07:22]} {[%emt 00:00:14]}
38. Rxg7+ {[%clk 00:47:02]} {[%emt 00:01:18]} Kxg7 {[%clk 01:07:45]} {[%emt
00:00:07]} 39. Ne2 {[%clk 00:46:38]} {[%emt 00:00:54]} Kf6 {[%clk 01:06:51]}
{[%emt 00:01:23]} 40. Nxf4 {[%clk 00:43:53]} {[%emt 00:03:16]} Ke5 {[%clk
01:06:52]} {[%emt 00:00:28]} 41. Ne6 {[%clk 00:43:56]} {[%emt 00:00:28]} Kxe4
{[%clk 01:07:03]} {[%emt 00:00:18]} 42. Nxc7 {[%clk 00:44:09]} {[%emt
00:00:18]} Kd4 {[%clk 01:07:11]} {[%emt 00:00:20]} 43. Nb5+ {[%clk 00:44:30]}
{[%emt 00:00:11]} Kxc4 {[%clk 01:07:24]} {[%emt 00:00:16]} 44. Nxd6+ {[%clk
00:44:52]} {[%emt 00:00:09]} Kxd5 {[%clk 01:07:42]} {[%emt 00:00:12]} 45. Nb5
{[%clk 00:42:38]} {[%emt 00:02:44]} c4 {[%clk 01:07:52]} {[%emt 00:00:20]} 46.
Nc3+ {[%clk 00:42:52]} {[%emt 00:00:16]} Kd4 {[%clk 01:07:42]} {[%emt
00:00:38]} 47. Nb5+ {[%clk 00:43:09]} {[%emt 00:00:16]} Ke5 {[%emt 00:07:39]}
0-1

[Event "ODJM C 2025"]
[Site "Willingen GER"]
[Date "2025.06.09"]
[Round "3"]
[White "Kasten, Luna Seraphine"]
[Black "Wolf, Anna"]
[Result "0-1"]
[Termination "normal"]
[Board "15"]
[WhiteElo "1409"]
[BlackElo "1488"]
[WhiteClock "00:43:31"]
[BlackClock "00:30:19"]
[PlyCount "104"]
[WhiteFideId "34681639"]
[BlackFideId "34616993"]
[EventCountry "GER"]
[EventRounds "9"]
[EventType "swiss"]
[EventDate "2025.06.07"]

1. e4 {[%clk 01:30:53]} {[%emt 00:00:09]} e6 {[%clk 01:30:50]} {[%emt
00:00:06]} 2. b3 {[%clk 01:31:15]} {[%emt 00:00:10]} d5 {[%clk 01:31:11]}
{[%emt 00:00:08]} 3. Bb2 {[%clk 01:31:32]} {[%emt 00:00:12]} c5 {[%clk
01:31:22]} {[%emt 00:00:19]} 4. Bd3 {[%clk 01:31:24]} {[%emt 00:00:38]} d4
{[%clk 01:31:28]} {[%emt 00:00:24]} 5. Bb5+ {[%clk 01:29:10]} {[%emt 00:02:44]}
Bd7 {[%clk 01:31:33]} {[%emt 00:00:25]} 6. Bxd7+ {[%clk 01:29:11]} {[%emt
00:00:30]} Nxd7 {[%clk 01:31:51]} {[%emt 00:00:11]} 7. c3 {[%clk 01:27:59]}
{[%emt 00:01:42]} e5 {[%clk 01:29:01]} {[%emt 00:03:20]} 8. Nf3 {[%clk
01:27:26]} {[%emt 00:01:03]} Bd6 {[%clk 01:28:46]} {[%emt 00:00:45]} 9. d3
{[%clk 01:27:03]} {[%emt 00:00:53]} Ne7 {[%clk 01:28:21]} {[%emt 00:00:56]} 10.
Nbd2 {[%clk 01:26:37]} {[%emt 00:00:53]} b5 {[%clk 01:25:25]} {[%emt 00:03:28]}
11. Ng5 {[%clk 01:23:27]} {[%emt 00:03:40]} Ng6 {[%clk 01:25:09]} {[%emt
00:00:46]} 12. Qg4 {[%clk 01:22:03]} {[%emt 00:01:53]} h6 {[%clk 01:21:51]}
{[%emt 00:03:49]} 13. Nh3 {[%clk 01:19:43]} {[%emt 00:00:56]} O-O {[%clk
01:18:35]} {[%emt 00:05:40]} 14. O-O {[%clk 01:19:07]} {[%emt 00:01:06]} Nf6
{[%clk 01:14:12]} {[%emt 00:04:53]} 15. Qg3 {[%clk 01:18:03]} {[%emt 00:01:34]}
Re8 {[%clk 00:59:37]} {[%emt 00:15:05]} 16. c4 {[%clk 01:13:27]} {[%emt
00:05:06]} b4 {[%clk 00:58:51]} {[%emt 00:01:15]} 17. Bc1 {[%clk 01:13:02]}
{[%emt 00:00:55]} Qd7 {[%clk 00:55:39]} {[%emt 00:03:43]} 18. f3 {[%clk
01:12:57]} {[%emt 00:00:34]} Nh5 {[%clk 00:51:02]} {[%emt 00:05:07]} 19. Qe1
{[%clk 01:08:07]} {[%emt 00:05:19]} Ngf4 {[%clk 00:45:04]} {[%emt 00:06:30]}
20. Nxf4 {[%clk 01:05:23]} {[%emt 00:03:14]} Nxf4 {[%clk 00:45:18]} {[%emt
00:00:15]} 21. Qg3 {[%clk 01:04:12]} {[%emt 00:01:41]} Nxd3 {[%clk 00:43:31]}
{[%emt 00:02:18]} 22. Qg4 {[%clk 01:02:06]} {[%emt 00:02:36]} Qxg4 {[%clk
00:42:40]} {[%emt 00:01:21]} 23. fxg4 {[%clk 01:01:46]} {[%emt 00:00:49]} Nf4
{[%clk 00:42:47]} {[%emt 00:00:24]} 24. Nf3 {[%clk 01:01:06]} {[%emt 00:01:08]}
Ne2+ {[%clk 00:39:39]} {[%emt 00:03:40]} 25. Kh1 {[%clk 01:00:56]} {[%emt
00:00:39]} Nc3 {[%clk 00:39:58]} {[%emt 00:00:11]} 26. g5 {[%clk 01:00:46]}
{[%emt 00:00:41]} h5 {[%clk 00:39:45]} {[%emt 00:00:43]} 27. Nh4 {[%clk
01:00:38]} {[%emt 00:00:34]} Nxe4 {[%clk 00:39:48]} {[%emt 00:00:31]} 28. g6
{[%clk 00:59:47]} {[%emt 00:01:21]} Rf8 {[%clk 00:38:14]} {[%emt 00:02:04]} 29.
gxf7+ {[%clk 00:58:36]} {[%emt 00:01:42]} Rxf7 {[%clk 00:38:28]} {[%emt
00:00:15]} 30. Rxf7 {[%clk 00:58:44]} {[%emt 00:00:22]} Kxf7 {[%clk 00:38:47]}
{[%emt 00:00:11]} 31. Bb2 {[%clk 00:57:42]} {[%emt 00:01:32]} Ke6 {[%clk
00:37:05]} {[%emt 00:02:11]} 32. a3 {[%clk 00:55:03]} {[%emt 00:03:10]} Rf8
{[%clk 00:36:16]} {[%emt 00:01:19]} 33. g3 {[%clk 00:54:00]} {[%emt 00:01:33]}
Rf2 {[%clk 00:35:59]} {[%emt 00:00:46]} 34. Re1 {[%clk 00:47:31]} {[%emt
00:06:59]} Nxg3+ {[%clk 00:35:59]} {[%emt 00:00:30]} 35. hxg3 {[%clk 00:47:27]}
{[%emt 00:00:34]} Rxb2 {[%clk 00:36:21]} {[%emt 00:00:09]} 36. axb4 {[%clk
00:47:26]} {[%emt 00:00:31]} cxb4 {[%clk 00:36:38]} {[%emt 00:00:13]} 37. Nf3
{[%clk 00:47:20]} {[%emt 00:00:35]} Kf5 {[%clk 00:35:18]} {[%emt 00:01:51]} 38.
Nh2 {[%clk 00:45:12]} {[%emt 00:02:33]} Rxb3 {[%clk 00:35:11]} {[%emt
00:00:41]} 39. Rf1+ {[%clk 00:45:22]} {[%emt 00:00:19]} Ke6 {[%clk 00:34:55]}
{[%emt 00:00:48]} 40. g4 {[%clk 00:45:27]} {[%emt 00:00:25]} a5 {[%clk
00:34:30]} {[%emt 00:00:55]} 41. gxh5 {[%clk 00:45:18]} {[%emt 00:00:39]} Rh3
{[%clk 00:33:36]} {[%emt 00:01:25]} 42. Ra1 {[%clk 00:45:09]} {[%emt 00:00:34]}
Bc7 {[%clk 00:32:57]} {[%emt 00:01:13]} 43. Kg2 {[%clk 00:43:43]} {[%emt
00:01:56]} Rxh5 {[%clk 00:32:56]} {[%emt 00:00:31]} 44. Nf3 {[%clk 00:43:21]}
{[%emt 00:00:51]} Kf5 {[%clk 00:30:53]} {[%emt 00:02:34]} 45. Kg3 {[%clk
00:43:08]} {[%emt 00:00:42]} d3 {[%clk 00:29:45]} {[%emt 00:01:39]} 46. Nd2
{[%clk 00:42:19]} {[%emt 00:01:19]} e4+ {[%clk 00:29:37]} {[%emt 00:00:38]} 47.
Kf2 {[%clk 00:42:36]} {[%emt 00:00:13]} Rh2+ {[%clk 00:29:39]} {[%emt
00:00:28]} 48. Ke1 {[%clk 00:42:26]} {[%emt 00:00:40]} Bg3+ {[%clk 00:29:46]}
{[%emt 00:00:22]} 49. Kd1 {[%clk 00:42:32]} {[%emt 00:00:25]} Rh1+ {[%clk
00:30:07]} {[%emt 00:00:10]} 50. Nf1 {[%clk 00:42:47]} {[%emt 00:00:14]} Rxf1+
{[%clk 00:30:29]} {[%emt 00:00:08]} 51. Kd2 {[%clk 00:43:11]} {[%emt 00:00:06]}
Rxa1 {[%clk 00:30:38]} {[%emt 00:00:21]} 52. c5 {[%clk 00:43:31]} {[%emt
00:00:10]} Bf4# {[%clk 00:30:19]} {[%emt 00:00:18]} 0-1

[Event "ODJM C 2025"]
[Site "Willingen GER"]
[Date "2025.06.09"]
[Round "3"]
[White "Rabus, Luise"]
[Black "Winkler, Theo"]
[Result "0-1"]
[Termination "normal"]
[Board "16"]
[WhiteElo "1454"]
[BlackElo "1466"]
[WhiteClock "00:33:35"]
[BlackClock "01:11:34"]
[PlyCount "64"]
[WhiteFideId "34636900"]
[BlackFideId "34622330"]
[EventCountry "GER"]
[EventRounds "9"]
[EventType "swiss"]
[EventDate "2025.06.07"]

1. e4 {[%clk 01:30:58]} c5 {[%clk 01:30:53]} {[%emt 00:00:11]} 2. d3 {[%clk
01:31:21]} {[%emt 00:00:03]} Nc6 {[%clk 01:30:46]} {[%emt 00:00:36]} 3. f4
{[%clk 01:31:33]} {[%emt 00:00:19]} d6 {[%clk 01:30:57]} {[%emt 00:00:20]} 4.
Nf3 {[%clk 01:31:51]} {[%emt 00:00:11]} e6 {[%clk 01:30:45]} {[%emt 00:00:42]}
5. Be2 {[%clk 01:31:54]} {[%emt 00:00:27]} g6 {[%clk 01:29:31]} {[%emt
00:01:43]} 6. Be3 {[%clk 01:30:18]} {[%emt 00:02:06]} Bg7 {[%clk 01:29:26]}
{[%emt 00:00:35]} 7. c3 {[%clk 01:30:32]} {[%emt 00:00:17]} Qb6 {[%clk
01:29:12]} {[%emt 00:00:44]} 8. Qd2 {[%clk 01:28:47]} {[%emt 00:02:15]} Nge7
{[%clk 01:28:46]} {[%emt 00:00:55]} 9. O-O {[%clk 01:28:30]} {[%emt 00:00:48]}
O-O {[%clk 01:29:01]} {[%emt 00:00:15]} 10. d4 {[%clk 01:27:04]} {[%emt
00:01:56]} cxd4 {[%clk 01:28:52]} {[%emt 00:00:39]} 11. cxd4 {[%clk 01:26:49]}
{[%emt 00:00:45]} Qc7 {[%clk 01:29:01]} {[%emt 00:00:21]} 12. Na3 {[%clk
01:22:34]} {[%emt 00:04:45]} f5 {[%clk 01:28:39]} {[%emt 00:00:52]} 13. Ng5
{[%clk 01:20:01]} {[%emt 00:03:03]} fxe4 {[%clk 01:27:55]} {[%emt 00:01:13]}
14. Nxe4 {[%clk 01:18:26]} {[%emt 00:02:06]} a6 {[%clk 01:22:15]} {[%emt
00:06:10]} 15. Nc3 {[%clk 01:12:31]} {[%emt 00:06:25]} b5 {[%clk 01:21:18]}
{[%emt 00:01:27]} 16. d5 {[%clk 01:10:33]} {[%emt 00:02:28]} Bxc3 {[%clk
01:21:17]} {[%emt 00:00:31]} 17. Qxc3 {[%clk 01:02:29]} {[%emt 00:08:34]} Nxd5
{[%clk 01:21:33]} {[%emt 00:00:14]} 18. Qd2 {[%clk 01:01:31]} {[%emt 00:01:27]}
Nxe3 {[%clk 01:21:39]} {[%emt 00:00:24]} 19. Qxe3 {[%clk 01:01:38]} {[%emt
00:00:23]} Qd7 {[%clk 01:20:32]} {[%emt 00:01:38]} 20. Rf3 {[%clk 00:59:15]}
{[%emt 00:02:54]} Bb7 {[%clk 01:20:06]} {[%emt 00:00:55]} 21. Rg3 {[%clk
00:59:27]} {[%emt 00:00:19]} Ne7 {[%clk 01:18:15]} {[%emt 00:02:20]} 22. Qd3
{[%clk 00:57:46]} {[%emt 00:02:11]} Rxf4 {[%clk 01:16:32]} {[%emt 00:02:12]}
23. Rf1 {[%clk 00:51:54]} {[%emt 00:06:22]} Raf8 {[%clk 01:12:50]} {[%emt
00:04:12]} 24. Qe3 {[%clk 00:45:25]} {[%emt 00:06:59]} Rxf1+ {[%clk 01:12:59]}
{[%emt 00:00:22]} 25. Bxf1 {[%clk 00:45:40]} {[%emt 00:00:14]} Nf5 {[%clk
01:13:25]} {[%emt 00:00:05]} 26. Qg5 {[%clk 00:45:04]} {[%emt 00:01:06]} Nxg3
{[%clk 01:13:25]} {[%emt 00:00:29]} 27. Qxg3 {[%clk 00:45:22]} {[%emt
00:00:12]} Qg7 {[%clk 01:13:15]} {[%emt 00:00:41]} 28. Qg4 {[%clk 00:38:55]}
{[%emt 00:06:55]} Qxb2 {[%clk 01:13:19]} {[%emt 00:00:27]} 29. Qxe6+ {[%clk
00:36:36]} {[%emt 00:02:50]} Kh8 {[%clk 01:13:34]} {[%emt 00:00:15]} 30. Qe3
{[%clk 00:35:40]} {[%emt 00:01:24]} Bxg2 {[%clk 01:11:25]} {[%emt 00:02:41]}
31. Bxg2 {[%clk 00:33:24]} {[%emt 00:02:46]} Qa1+ {[%clk 01:11:42]} {[%emt
00:00:12]} 32. Bf1 {[%clk 00:33:35]} {[%emt 00:00:18]} Qxf1# {[%clk 01:11:34]}
{[%emt 00:00:09]} 0-1

[Event "ODJM C 2025"]
[Site "Willingen GER"]
[Date "2025.06.09"]
[Round "3"]
[White "Servin, Erik Phileas Große"]
[Black "Richter, Mila"]
[Result "1-0"]
[Termination "normal"]
[Board "17"]
[WhiteElo "1041"]
[BlackElo "1231"]
[WhiteClock "01:06:11"]
[BlackClock "00:53:01"]
[PlyCount "59"]
[WhiteFideId "533043744"]
[BlackFideId "533025568"]
[EventCountry "GER"]
[EventRounds "9"]
[EventType "swiss"]
[EventDate "2025.06.07"]

1. e4 {[%clk 01:30:56]} {[%emt 00:00:05]} e5 {[%clk 01:30:53]} {[%emt
00:00:09]} 2. Nf3 {[%clk 01:31:20]} {[%emt 00:00:02]} Nc6 {[%clk 01:31:16]}
{[%emt 00:00:07]} 3. d4 {[%clk 01:31:25]} {[%emt 00:00:25]} exd4 {[%clk
01:31:37]} {[%emt 00:00:10]} 4. c3 {[%clk 01:31:47]} {[%emt 00:00:07]} dxc3
{[%clk 01:31:46]} {[%emt 00:00:20]} 5. Bc4 {[%clk 01:32:09]} {[%emt 00:00:09]}
Be7 {[%clk 01:31:45]} {[%emt 00:00:30]} 6. Nxc3 {[%emt 00:00:16]} Nf6 {[%emt
00:00:07]} 7. Nd5 {[%clk 01:30:23]} {[%emt 00:01:54]} Nxe4 {[%clk 01:23:57]}
{[%emt 00:08:17]} 8. O-O {[%clk 01:21:03]} {[%emt 00:09:50]} O-O {[%clk
01:23:44]} {[%emt 00:00:41]} 9. Nxe7+ {[%clk 01:16:52]} {[%emt 00:04:43]} Qxe7
{[%clk 01:23:27]} {[%emt 00:00:48]} 10. Re1 {[%clk 01:14:40]} {[%emt 00:02:39]}
Re8 {[%clk 01:22:26]} {[%emt 00:01:32]} 11. Ng5 {[%clk 01:13:45]} {[%emt
00:01:26]} Qc5 {[%clk 01:14:17]} {[%emt 00:08:38]} 12. Bxf7+ {[%clk 01:11:56]}
{[%emt 00:02:20]} Kf8 {[%clk 01:13:52]} {[%emt 00:00:54]} 13. Bxe8 {[%clk
01:12:20]} {[%emt 00:00:08]} Nxg5 {[%clk 01:11:19]} {[%emt 00:03:02]} 14. Bxg5
{[%clk 01:12:13]} {[%emt 00:00:37]} Qxg5 {[%clk 01:11:29]} {[%emt 00:00:20]}
15. Qf3+ {[%clk 01:12:35]} {[%emt 00:00:07]} Qf6 {[%clk 01:09:56]} {[%emt
00:02:03]} 16. Bh5 {[%clk 01:12:12]} {[%emt 00:00:51]} Ne7 {[%clk 01:08:09]}
{[%emt 00:02:20]} 17. Rxe7 {[%clk 01:12:09]} {[%emt 00:00:34]} Kxe7 {[%clk
01:08:00]} {[%emt 00:00:39]} 18. Qe4+ {[%clk 01:12:10]} {[%emt 00:00:27]} Qe6
{[%clk 01:07:00]} {[%emt 00:01:30]} 19. Qb4+ {[%clk 01:11:54]} {[%emt
00:00:46]} Kf6 {[%clk 01:04:47]} {[%emt 00:02:44]} 20. Re1 {[%clk 01:11:49]}
{[%emt 00:00:35]} Qd6 {[%clk 01:01:05]} {[%emt 00:04:12]} 21. Qc3+ {[%emt
00:00:53]} Kg5 {[%emt 00:01:20]} 22. Re5+ {[%clk 01:09:52]} {[%emt 00:00:13]}
Qxe5 {[%clk 00:54:31]} {[%emt 00:07:05]} 23. Qxe5+ {[%clk 01:10:12]} {[%emt
00:00:10]} Kh6 {[%clk 00:54:28]} {[%emt 00:00:32]} 24. h4 {[%clk 01:10:35]}
{[%emt 00:00:10]} g6 {[%clk 00:54:31]} {[%emt 00:00:24]} 25. g4 {[%clk
01:09:40]} {[%emt 00:01:27]} d6 {[%clk 00:54:26]} {[%emt 00:00:34]} 26. Qg5+
{[%emt 00:00:35]} Kg7 {[%emt 00:01:04]} 27. f4 {[%clk 01:05:33]} {[%emt
00:02:58]} Bxg4 {[%clk 00:53:55]} {[%emt 00:01:00]} 28. Bxg4 {[%clk 01:05:53]}
{[%emt 00:00:11]} Kh8 {[%clk 00:52:48]} {[%emt 00:01:02]} 29. Qf6+ {[%clk
01:06:16]} {[%emt 00:00:42]} Kg8 {[%clk 00:53:01]} {[%emt 00:00:16]} 30. Be6#
{[%clk 01:06:11]} {[%emt 00:00:05]} 1-0

[Event "ODJM C 2025"]
[Site "Willingen GER"]
[Date "2025.06.09"]
[Round "3"]
[White "Fabritius, Heinrich"]
[Black "Martens, Nele"]
[Result "1/2-1/2"]
[Termination "normal"]
[Board "18"]
[WhiteElo "1224"]
[BlackElo "1036"]
[WhiteClock "00:52:42"]
[BlackClock "00:46:53"]
[PlyCount "51"]
[WhiteFideId "533026238"]
[BlackFideId "533001952"]
[EventCountry "GER"]
[EventRounds "9"]
[EventType "swiss"]
[EventDate "2025.06.07"]

1. d4 {[%clk 01:30:58]} d5 {[%clk 01:30:48]} {[%emt 00:00:13]} 2. c4 {[%clk
01:31:23]} {[%emt 00:00:04]} Nf6 {[%clk 01:30:18]} {[%emt 00:00:58]} 3. Nc3
{[%clk 01:31:35]} {[%emt 00:00:18]} Nc6 {[%clk 01:29:05]} {[%emt 00:01:44]} 4.
Nf3 {[%clk 01:31:25]} {[%emt 00:00:40]} Bg4 {[%clk 01:28:28]} {[%emt 00:01:06]}
5. e3 {[%clk 01:31:41]} {[%emt 00:00:15]} e6 {[%clk 01:27:35]} {[%emt
00:01:22]} 6. Be2 {[%clk 01:31:33]} {[%emt 00:00:39]} Bb4 {[%clk 01:25:59]}
{[%emt 00:02:06]} 7. a3 {[%clk 01:31:14]} {[%emt 00:00:50]} Bxc3+ {[%clk
01:25:54]} {[%emt 00:00:34]} 8. bxc3 {[%clk 01:31:29]} {[%emt 00:00:16]} O-O
{[%clk 01:25:34]} {[%emt 00:00:49]} 9. O-O {[%clk 01:31:13]} {[%emt 00:00:46]}
Ne4 {[%clk 01:23:26]} {[%emt 00:02:37]} 10. Bd2 {[%clk 01:29:38]} {[%emt
00:02:07]} Qd7 {[%clk 01:18:29]} {[%emt 00:05:23]} 11. cxd5 {[%clk 01:21:35]}
{[%emt 00:08:36]} exd5 {[%clk 01:17:04]} {[%emt 00:01:54]} 12. h3 {[%clk
01:19:41]} {[%emt 00:02:24]} Bxf3 {[%clk 01:13:48]} {[%emt 00:03:46]} 13. Bxf3
{[%clk 01:19:50]} {[%emt 00:00:21]} Rfe8 {[%clk 01:10:28]} {[%emt 00:03:51]}
14. Qc2 {[%clk 01:16:38]} {[%emt 00:03:42]} Na5 {[%clk 01:06:11]} {[%emt
00:04:46]} 15. a4 {[%clk 01:13:16]} {[%emt 00:03:53]} Rab8 {[%clk 01:02:27]}
{[%emt 00:04:13]} 16. Bg4 {[%clk 01:10:16]} {[%emt 00:03:31]} Qc6 {[%clk
01:00:10]} {[%emt 00:02:47]} 17. Be2 {[%clk 01:10:07]} {[%emt 00:00:39]} a6
{[%clk 00:59:34]} {[%emt 00:01:06]} 18. Bc1 {[%clk 01:08:18]} {[%emt 00:02:18]}
Qxc3 {[%clk 00:57:44]} {[%emt 00:02:20]} 19. Qxc3 {[%clk 01:06:28]} {[%emt
00:02:21]} Nxc3 {[%clk 00:57:33]} {[%emt 00:00:40]} 20. Bf3 {[%clk 01:02:15]}
{[%emt 00:04:43]} Ne4 {[%clk 00:56:17]} {[%emt 00:01:45]} 21. Be2 {[%clk
00:58:32]} {[%emt 00:04:14]} g6 {[%clk 00:53:07]} {[%emt 00:03:38]} 22. f3
{[%clk 00:57:22]} {[%emt 00:01:42]} Ng3 {[%clk 00:50:33]} {[%emt 00:03:03]} 23.
Re1 {[%clk 00:57:09]} {[%emt 00:00:45]} Nb3 {[%clk 00:47:17]} {[%emt 00:03:46]}
24. Rb1 {[%clk 00:56:32]} {[%emt 00:01:07]} Nxc1 {[%clk 00:46:53]} {[%emt
00:00:53]} 25. Rbxc1 {[%clk 00:52:42]} {[%emt 00:04:21]} Rxe3 {[%emt 00:01:15]}
26. Kf2 1/2-1/2